<?xml version="1.0" encoding="UTF-8"?>
<collection xmlns="http://www.loc.gov/MARC21/slim">
 <record>
  <leader>01619nam a2200229Ia 4500</leader>
  <controlfield tag="001">CTU_183279</controlfield>
  <controlfield tag="008">210402s9999    xx            000 0 und d</controlfield>
  <datafield tag="082" ind1=" " ind2=" ">
   <subfield code="a">579.344</subfield>
  </datafield>
  <datafield tag="082" ind1=" " ind2=" ">
   <subfield code="b">V121</subfield>
  </datafield>
  <datafield tag="088" ind1=" " ind2=" ">
   <subfield code="a">60640101</subfield>
  </datafield>
  <datafield tag="100" ind1=" " ind2=" ">
   <subfield code="a">Trần, Thị Hồng Vân</subfield>
  </datafield>
  <datafield tag="245" ind1=" " ind2="0">
   <subfield code="a">Khảo sát một số chỉ tiêu lý hóa và hiệu quả của một số mô hình xử lý nước thải tại cơ sở giết mổ gia súc gia cầm trên địa bàn tỉnh Bến Tre :</subfield>
  </datafield>
  <datafield tag="245" ind1=" " ind2="0">
   <subfield code="b">Luận án thạc sĩ Nông Nghiệp: Chuyên ngành: Thú Y</subfield>
  </datafield>
  <datafield tag="245" ind1=" " ind2="0">
   <subfield code="c">Trần Thị Hồng Vân ; Nguyễn Nhựt Xuân Dung (Người hướng dẫn khoa học)</subfield>
  </datafield>
  <datafield tag="260" ind1=" " ind2=" ">
   <subfield code="a">Cần Thơ</subfield>
  </datafield>
  <datafield tag="260" ind1=" " ind2=" ">
   <subfield code="b">Đại học Cần Thơ</subfield>
  </datafield>
  <datafield tag="260" ind1=" " ind2=" ">
   <subfield code="c">2013</subfield>
  </datafield>
  <datafield tag="520" ind1=" " ind2=" ">
   <subfield code="a">Đề tài &quot;Khảo sát một số chỉ tiêu lý hóa và hiệu quả của một số mô hình xử lý nước thải tại cơ sở giết mổ gia súc gia cầm trên địa bàn tỉnh Bến Tre&quot; được tiến hành từ tháng 3 năm 2012 đến tháng 9 năm 2012 với mục tiêu đánh giá  chất lượng nước thải theo Quy chuẩn kỹ thuật quốc gia QCQG 40 : 2011/BTNMT và so sánh hiệu quả của 3 mô hình xử lý nước thải trên địa bàn tỉnh Bến Tre.</subfield>
  </datafield>
  <datafield tag="650" ind1=" " ind2=" ">
   <subfield code="a">Xử lý nước thải lò mổ,Microbiology,Sewerage</subfield>
  </datafield>
  <datafield tag="650" ind1=" " ind2=" ">
   <subfield code="x">Purification</subfield>
  </datafield>
  <datafield tag="904" ind1=" " ind2=" ">
   <subfield code="i">Trần Thị Nhơn Ái</subfield>
  </datafield>
  <datafield tag="980" ind1=" " ind2=" ">
   <subfield code="a">Trung tâm Học liệu Trường Đại học Cần Thơ</subfield>
  </datafield>
 </record>
</collection>
